000 00444nam a22001697a 4500
005 20180707105218.0
008 160512b xxu||||| |||| 00| 0 eng d
020 _a81-7808-448-1
041 _aeng
082 _b1657
_a658.15
100 _aHorne, James C.VAN. Wachowioz, John M.
_9506
245 _aFundamental of Financial Management
260 _aDelhi
_bPearson Education,
_c2001
300 _a743
650 _aManagement
_9241
942 _cBK
999 _c647
_d647